|
|
|
|
| LEADER |
02837nam a2200721 a 4500 |
| 001 |
nkc20132434253 |
| 003 |
CZ PrNK |
| 005 |
20201126110152.0 |
| 007 |
ta |
| 008 |
130101s2012 xr a f 001 0 cze |
| 015 |
|
|
|a cnb002434253
|
| 020 |
|
|
|a 978-80-7419-065-0
|q (brož.)
|
| 035 |
|
|
|a (OCoLC)829661871
|
| 040 |
|
|
|a ABA001
|b cze
|
| 041 |
0 |
|
|a cze
|b eng
|
| 043 |
|
|
|a e-xr---
|
| 045 |
|
|
|a x8x9
|
| 072 |
|
7 |
|a 316.4/.7
|x Sociální interakce. Sociální komunikace
|2 Konspekt
|9 18
|
| 080 |
|
|
|a 070.48
|2 MRF
|
| 080 |
|
|
|a 316.323.7:316.42
|2 MRF
|
| 080 |
|
|
|a 347.232.1
|2 MRF
|
| 080 |
|
|
|a 930:17.024.3
|2 MRF
|
| 080 |
|
|
|a 316.6:159.953
|2 MRF
|
| 080 |
|
|
|a 316.772.4
|2 MRF
|
| 080 |
|
|
|a 801.73
|2 MRF
|
| 080 |
|
|
|a (437.3)
|2 MRF
|
| 080 |
|
|
|a (048.8)
|2 MRF
|
| 100 |
1 |
|
|a Šmídová Matoušová, Olga,
|d 1955-
|7 jo2002106716
|4 aut
|
| 245 |
1 |
0 |
|a "Rudé právo psalo, že nás bylo málo--" :
|b restituce identity a identita restituce v diskursu Rudého práva v roce nula /
|c Olga Šmídová-Matoušová
|
| 246 |
3 |
0 |
|a Restituce identity a identita restituce v diskursu Rudého práva v roce nula
|
| 250 |
|
|
|a Vyd. 1.
|
| 260 |
|
|
|a Praha :
|b Sociologické nakladatelství (SLON),
|c 2012
|
| 300 |
|
|
|a 187 s. :
|b il. ;
|c 23 cm
|
| 490 |
1 |
|
|a Studie ;
|v sv. 73
|
| 504 |
|
|
|a Obsahuje bibliografii, bibliografické odkazy a rejstříky
|
| 546 |
|
|
|a Anglické resumé
|
| 630 |
0 |
7 |
|a Rudé právo (noviny)
|7 unn2013748325
|2 czenas
|
| 630 |
0 |
9 |
|a Rudé právo (newspaper)
|2 eczenas
|
| 648 |
|
7 |
|a od 1989
|7 ch462156
|2 czenas
|
| 648 |
|
7 |
|a 1989-1990
|7 ch601418
|2 czenas
|
| 650 |
0 |
7 |
|a noviny
|7 ph115463
|z Česko
|y od 1989
|2 czenas
|
| 650 |
0 |
7 |
|a postkomunismus
|7 ph124401
|z Česko
|y od 1989
|2 czenas
|
| 650 |
0 |
7 |
|a majetkové restituce
|7 ph122559
|z Česko
|y od 1989
|2 czenas
|
| 650 |
0 |
7 |
|a vyrovnání se s minulostí
|7 ph210129
|z Česko
|y od 1989
|2 czenas
|
| 650 |
0 |
7 |
|a sociální paměť
|7 ph114496
|z Česko
|y od 1989
|2 czenas
|
| 650 |
0 |
7 |
|a mediální komunikace
|7 ph122737
|z Česko
|y od 1989
|2 czenas
|
| 650 |
0 |
7 |
|a diskurzivní analýza
|7 ph503054
|z Česko
|y od 1989
|2 czenas
|
| 650 |
0 |
9 |
|a newspapers
|z Czechia
|y 1989-
|2 eczenas
|
| 650 |
0 |
9 |
|a Post-communism
|z Czechia
|y 1989-
|2 eczenas
|
| 650 |
0 |
9 |
|a restitutions
|z Czechia
|y 1989-
|2 eczenas
|
| 650 |
0 |
9 |
|a coming to terms with the past
|z Czechia
|y 1989-
|2 eczenas
|
| 650 |
0 |
9 |
|a social memory
|z Czechia
|y 1989-
|2 eczenas
|
| 650 |
0 |
9 |
|a communication in mass media
|z Czechia
|y 1989-
|2 eczenas
|
| 650 |
0 |
9 |
|a discourse analysis
|z Czechia
|y 1989-
|2 eczenas
|
| 655 |
|
7 |
|a monografie
|7 fd132842
|2 czenas
|
| 655 |
|
9 |
|a monographs
|2 eczenas
|
| 830 |
|
0 |
|a Studie (Sociologické nakladatelství)
|0 s
|
| 910 |
2 |
|
|a BOA001
|b 2-1299.561
|
| 928 |
9 |
|
|a Slon
|
| 990 |
|
|
|a BK
|
| 995 |
|
|
|a 01
|
| 991 |
|
|
|b 201303
|c NOV
|e n
|
| 996 |
6 |
|
|b 2610540128
|c 2-1299.561
|l MZK
|r Sklad / do 1 hodiny
|n 4
|p p.v.
|w 001314300
|u 000010
|a 1
|e BOA001
|j MZK50
|s P
|